000 01191nam a2200289 a 4500
005 20240305165416.0
007 cr cn|||||||||
008 201205r2006 ck |||||s|||||||||||spa d
020 _a9789586484220
035 _a11559
040 _aFlNmELB
_cFlNmELB
_dBUS
_dvLex
080 _a657
082 0 4 _a657.42
_222
090 _c4541
_d4541
100 1 _aSinisterra Valencia, Gonzalo.
245 1 0 _aContabilidad de costos
_h[Recurso electrónico] /
_cGonzalo Sinisterra Valencia.
256 _aServicio en línea.
260 _aBogotá :
_bEcoe Ediciones,
_c2006.
300 _a1 recurso electrónico
490 1 _aTextos universitarios. Contabilidad y finanzas.
500 _aIncluye índice al final del texto.
506 1 _aContenido solo disponible en los productos idnicados
_dvLex Global
_dvLex Global (Academic Edition, excluding Law Schools)
_dvLex Global (U.S. Academic Edition, Law Schools)
_dvLex Global (U.S. Academic Edition, excluding Law Schools)
_dvLex Global (Academic Edition, Law Schools)
650 0 4 _aContabilidad
_zColombia
740 0 _avLex Libros (Servicio en línea)
856 4 0 _uhttps://app.vlex.com/#/sources/contabilidad-costos-11559
942 _cRAA
999 _c162902
_d162902